[Event "POL-chT 2nd League"]
[Site "Szczyrk"]
[Date "2014.09.11"]
[Round "6.17"]
[White "Krasiewicz, Robert"]
[Black "Stepien, Marcin"]
[Result "1/2-1/2"]
[WhiteElo "1990"]
[BlackElo "2150"]
[PlyCount "37"]
[EventDate "2014.09.06"]
[EventType "team-swiss"]
[EventRounds "9"]
[EventCountry "POL"]
[SourceTitle "EXT 2015"]
[Source "ChessBase"]
[SourceDate "2014.11.20"]
[SourceVersion "1"]
[SourceVersionDate "2014.11.20"]
[SourceQuality "1"]
[WhiteTeam "Zielonka Zieloni"]
[BlackTeam "Wisznia Mala OKSiR"]
[WhiteTeamCountry "POL"]
[BlackTeamCountry "POL"]

1. d4 Nf6 2. Nf3 e6 3. g3 d5 4. Bg2 c5 5. c4 dxc4 6. Qa4+ Nbd7 7. 0-0 Be7 8. dxc5 0-0 9. Nc3 Nxc5 10. Qxc4 b6 11. Rd1 Qe8 12. Ne5 Ba6 13. Qf4 Rc8 14. Be3 h6 15. h4 Nh5 16. Qg4 Nf6 17. Qf4 Nh5 18. Qg4 Nf6 19. Qf4 1/2-1/2

[Event "POL-chT 2nd League"]
[Site "Szczyrk"]
[Date "2014.09.09"]
[Round "4.17"]
[White "Delega, Tomasz"]
[Black "Stepien, Marcin"]
[Result "0-1"]
[WhiteElo "2090"]
[BlackElo "2150"]
[PlyCount "114"]
[EventDate "2014.09.06"]
[EventType "team-swiss"]
[EventRounds "9"]
[EventCountry "POL"]
[SourceTitle "EXT 2015"]
[Source "ChessBase"]
[SourceDate "2014.11.20"]
[SourceVersion "1"]
[SourceVersionDate "2014.11.20"]
[SourceQuality "1"]
[WhiteTeam "Miedzyborow Wrzos"]
[BlackTeam "Wisznia Mala OKSiR"]
[WhiteTeamCountry "POL"]
[BlackTeamCountry "POL"]

1. d4 Nf6 2. Nf3 e6 3. Nbd2 d5 4. e3 c5 5. b3 Nc6 6. Bb2 cxd4 7. exd4 Be7 8. a3 0-0 9. Bd3 Qb6 10. 0-0 Nd7 11. c4 Bf6 12. c5 Qc7 13. Qc2 h6 14. b4 e5 15. dxe5 Ncxe5 16. Be2 b6 17. Nxe5 Nxe5 18. Rac1 bxc5 19. Qxc5 Qxc5 20. Rxc5 Be6 21. Ba1 Rfc8 22. f4 Nd7 23. Rxc8+ Rxc8 24. Bf3 Rc2 25. Nb3 Bxa1 26. Rxa1 Nb6 27. Nd4 Rc3 28. Nb5 Rc4 29. g3 Bd7 30. Nd6 Rc3 31. Be2 Rc2 32. Bf1 Kf8 33. Nb7 Nc4 34. Nc5 Bg4 35. Bd3 Rd2 36. Bxc4 dxc4 37. Rc1 Bh3 38. a4 Rg2+ 39. Kh1 Rb2 40. b5 c3 41. Kg1 Rg2+ 42. Kh1 Rb2 43. Nd3 Rd2 44. Ne1 Rf2 45. Nd3 Rf1+ 46. Rxf1 Bxf1 47. Nc1 Bc4 48. Kg1 Ke7 49. Kf2 Kd6 50. a5 Bxb5 51. Ke3 Kc5 52. Nb3+ Kb4 53. Nd4 Kxa5 54. Nf5 Kb4 55. Nxg7 Kb3 56. Nf5 c2 57. Nd4+ Kb2 0-1

[Event "POL-chT 2nd League"]
[Site "Szczyrk"]
[Date "2014.09.08"]
[Round "3.17"]
[White "Stepien, Marcin"]
[Black "Pietocha, Pawel"]
[Result "0-1"]
[WhiteElo "2150"]
[BlackElo "2071"]
[PlyCount "66"]
[EventDate "2014.09.06"]
[EventType "team-swiss"]
[EventRounds "9"]
[EventCountry "POL"]
[SourceTitle "EXT 2015"]
[Source "ChessBase"]
[SourceDate "2014.11.20"]
[SourceVersion "1"]
[SourceVersionDate "2014.11.20"]
[SourceQuality "1"]
[WhiteTeam "Wisznia Mala OKSiR"]
[BlackTeam "Gostynin Gostmat 83"]
[WhiteTeamCountry "POL"]
[BlackTeamCountry "POL"]

1. e4 e6 2. d4 d5 3. Nd2 h6 4. Ngf3 Nf6 5. Bd3 c5 6. e5 Nfd7 7. c3 Nc6 8. 0-0 g5 9. dxc5 Bxc5 10. Nb3 Bb6 11. Re1 g4 12. Nfd4 Ncxe5 13. Bb5 Qf6 14. Qe2 Bc7 15. Nc5 Rg8 16. g3 a6 17. Bxd7+ Bxd7 18. Nxb7 Nf3+ 19. Nxf3 gxf3 20. Qe3 Rb8 21. Nc5 Bb6 22. Nxd7 Kxd7 23. Qxh6 Bxf2+ 24. Kxf2 Rxb2+ 25. Kf1 Qxh6 26. Bxh6 Rxh2 27. Bf4 f6 28. Rad1 f2 29. Re3 Rh1+ 30. Kxf2 Rxd1 31. Re2 e5 32. Be3 Rd3 33. Rc2 Rc8 0-1

[Event "POL-chT2"]
[Site "Poronin"]
[Date "2013.09.12"]
[Round "6.11"]
[White "Stepien, Marcin"]
[Black "Wieczorek, Zbigniew"]
[Result "0-1"]
[WhiteElo "2158"]
[BlackElo "2311"]
[PlyCount "56"]
[EventDate "2013.09.06"]
[EventType "team-swiss"]
[EventRounds "9"]
[EventCountry "POL"]
[SourceTitle "EXT 2015"]
[Source "ChessBase"]
[SourceDate "2014.11.20"]
[SourceVersion "1"]
[SourceVersionDate "2014.11.20"]
[SourceQuality "1"]
[WhiteTeam "Wisznia Mala OKSiR"]
[BlackTeam "Raciborz KSz Silesia"]
[WhiteTeamCountry "POL"]
[BlackTeamCountry "POL"]

1. e4 g6 2. d4 Bg7 3. Nc3 d6 4. Nf3 a6 5. a4 Bg4 6. Be2 Nc6 7. Be3 Nf6 8. 0-0 0-0 9. Qd2 Re8 10. Rfd1 Bxf3 11. Bxf3 e5 12. d5 Nd4 13. Bxd4 exd4 14. Qxd4 Nxe4 15. Qb4 Bxc3 16. bxc3 Nc5 17. a5 Qf6 18. Qd4 Re5 19. Kf1 Rae8 20. Rab1 Qf5 21. Rdc1 R8e7 22. Bg4 Qf6 23. Bc8 Ne4 24. Kg1 Qg5 25. Bxb7 Nd2 26. f4 Nf3+ 27. Kh1 Qh5 28. fxe5 Qxh2# 0-1

[Event "Wroclaw op-A 8th"]
[Site "Wroclaw"]
[Date "2013.07.08"]
[Round "8"]
[White "Kanicki, Krzysztof"]
[Black "Stepien, Marcin"]
[Result "1/2-1/2"]
[WhiteElo "1964"]
[BlackElo "2184"]
[PlyCount "70"]
[EventDate "2013.07.01"]
[EventType "swiss"]
[EventRounds "9"]
[EventCountry "POL"]
[SourceTitle "CBM 155 Extra"]
[Source "ChessBase"]
[SourceDate "2013.08.26"]
[SourceVersion "1"]
[SourceVersionDate "2013.08.26"]
[SourceQuality "1"]

1. e4 d5 2. exd5 Qxd5 3. Nc3 Qd6 4. d4 Nf6 5. Nf3 c6 6. Ne5 Nbd7 7. Nc4 Qc7 8. Qf3 Nb6 9. Bf4 Qd7 10. Be5 Nbd5 11. Bxf6 gxf6 12. Nxd5 Qxd5 13. Qxd5 cxd5 14. Ne3 e6 15. Bd3 Bd7 16. c3 b5 17. a3 Bd6 18. g3 0-0 19. f4 f5 20. Kd2 Kg7 21. Rhe1 h5 22. Ng2 a5 23. b4 Ra7 24. Kc2 Rc8 25. Kb2 Rac7 26. Rac1 Kh6 27. Nh4 Bf8 28. Nf3 f6 29. Kb3 Bd6 30. Red1 Rg8 31. Rf1 Ra8 32. Kb2 Rca7 33. Ra1 Bc7 34. Rfe1 Rc8 35. Rac1 Bd6 1/2-1/2

[Event "Wroclaw op-A 8th"]
[Site "Wroclaw"]
[Date "2013.07.05"]
[Round "5"]
[White "Stepien, Marcin"]
[Black "Guzewicz, Rafal"]
[Result "0-1"]
[WhiteElo "2184"]
[BlackElo "1986"]
[PlyCount "66"]
[EventDate "2013.07.01"]
[EventType "swiss"]
[EventRounds "9"]
[EventCountry "POL"]
[SourceTitle "CBM 155 Extra"]
[Source "ChessBase"]
[SourceDate "2013.08.26"]
[SourceVersion "1"]
[SourceVersionDate "2013.08.26"]
[SourceQuality "1"]

1. Nc3 d5 2. e4 c6 3. Nf3 Bg4 4. h3 Bxf3 5. Qxf3 Nf6 6. d3 e6 7. a3 Nbd7 8. g3 Bd6 9. Bg2 Qb6 10. 0-0 0-0 11. Qe2 Bxg3 12. Na4 Qa5 13. fxg3 Qxa4 14. b3 Qd4+ 15. Be3 Qc3 16. Bd2 Qxc2 17. e5 Nxe5 18. Qxe5 Qxd2 19. Rxf6 gxf6 20. Qxf6 Qxd3 21. Rf1 Qg6 22. Qe7 Rab8 23. Rf4 f5 24. Rh4 Qf7 25. Qd6 Rbd8 26. Qe5 Qf6 27. Qe3 d4 28. Qd2 Qe5 29. Kh2 Rd7 30. Rf4 Qe3 31. Qa5 d3 32. Bf3 d2 33. Bd1 Qe1 0-1

[Event "Wroclaw op-A 8th"]
[Site "Wroclaw"]
[Date "2013.07.03"]
[Round "3"]
[White "Stepien, Marcin"]
[Black "Zakrzewski, Marek"]
[Result "0-1"]
[WhiteElo "2184"]
[BlackElo "2126"]
[PlyCount "68"]
[EventDate "2013.07.01"]
[EventType "swiss"]
[EventRounds "9"]
[EventCountry "POL"]
[SourceTitle "CBM 155 Extra"]
[Source "ChessBase"]
[SourceDate "2013.08.26"]
[SourceVersion "1"]
[SourceVersionDate "2013.08.26"]
[SourceQuality "1"]

1. e4 c5 2. Nf3 e6 3. g3 Nc6 4. Bg2 Nf6 5. Qe2 d5 6. d3 Be7 7. e5 Nd7 8. 0-0 Qc7 9. Re1 b6 10. c4 d4 11. h4 Bb7 12. Bf4 h6 13. h5 g5 14. hxg6 fxg6 15. Na3 a6 16. Nh2 0-0-0 17. Bd2 g5 18. Qg4 Nf8 19. Qf3 Ng6 20. Qf7 Ngxe5 21. Qxe6+ Kb8 22. Ng4 Rd6 23. Qf5 Bc8 24. Qe4 Nxg4 25. Nb5 axb5 26. cxb5 Re6 27. Qd5 Rd8 28. Qb3 Rxe1+ 29. Rxe1 Na7 30. Qf7 Bd6 31. Qh5 Rf8 32. a4 Qf7 33. Qxf7 Rxf7 34. Re8 Rf8 0-1

[Event "POL-chT 1st League"]
[Site "Ustron"]
[Date "2009.09.15"]
[Round "4"]
[White "Wlodarczyk, Oskar"]
[Black "Stepien, Marcin"]
[Result "1-0"]
[WhiteElo "2298"]
[BlackElo "2111"]
[PlyCount "75"]
[EventDate "2009.09.12"]
[EventType "team-swiss"]
[EventRounds "9"]
[EventCountry "POL"]
[SourceTitle "CBM 132 Extra"]
[Source "ChessBase"]
[SourceDate "2009.11.03"]
[SourceVersion "1"]
[SourceVersionDate "2009.11.03"]
[SourceQuality "1"]
[WhiteTeam "Ostrow Wielkopolski"]
[BlackTeam "Wroclaw AZS Politechnika"]
[WhiteTeamCountry "POL"]
[BlackTeamCountry "POL"]

1. e4 c5 2. Nf3 d6 3. d3 Nc6 4. g3 g6 5. Bg2 Bg7 6. 0-0 Nf6 7. c3 0-0 8. Nbd2 Rb8 9. Re1 b5 10. d4 e6 11. Nf1 c4 12. Bf4 Nh5 13. Bg5 Qc7 14. Qd2 a5 15. b3 Ba6 16. Rac1 Qa7 17. e5 dxe5 18. dxe5 Bh8 19. g4 Ng7 20. Ng3 Rfc8 21. Ne4 Ne8 22. Bf6 Bg7 23. h4 cxb3 24. axb3 Ne7 25. Bxg7 Kxg7 26. Nf6 Ng8 27. Nxg8 Kxg8 28. Qh6 f6 29. exf6 Nxf6 30. Qg5 Ne8 31. Rxe6 Ng7 32. Re7 Rc7 33. Rce1 Rf8 34. Nd4 Bc8 35. h5 Ne6 36. Rxc7 Qxd4 37. cxd4 Nxg5 38. f4 1-0

[Event "POL-chT 2nd League"]
[Site "Wysowa"]
[Date "2007.09.04"]
[Round "2"]
[White "Stepien, Marcin"]
[Black "Jablonski, Mariusz"]
[Result "0-1"]
[WhiteElo "2059"]
[BlackElo "2257"]
[PlyCount "72"]
[EventDate "2007.09.03"]
[EventType "team-swiss"]
[EventRounds "9"]
[EventCountry "POL"]
[SourceTitle "EXT 2010"]
[Source "ChessBase"]
[SourceDate "2010.11.25"]
[SourceVersion "1"]
[SourceVersionDate "2010.11.25"]
[SourceQuality "1"]
[WhiteTeam "Wroclaw AZS Politechnika"]
[BlackTeam "Wloclawek Leszczynski"]
[WhiteTeamCountry "POL"]
[BlackTeamCountry "POL"]

1. e4 c5 2. Nc3 Nc6 3. Bb5 g6 4. Bxc6 bxc6 5. d3 Bg7 6. Nge2 d6 7. 0-0 Nh6 8. Bg5 f6 9. Bd2 0-0 10. f4 f5 11. Na4 c4 12. Kh1 Rb8 13. Rb1 cxd3 14. cxd3 Ba6 15. Bc3 Ng4 16. Qd2 Bxc3 17. Naxc3 Qb6 18. h3 Nf2+ 19. Kh2 Nxd3 20. exf5 Rxf5 21. g4 Rf7 22. Rf3 Ne5 23. Rff1 Nc4 24. Qc1 Qe3 25. Qxe3 Nxe3 26. Rfe1 Bd3 27. Nd4 Bxb1 28. Rxe3 Rxb2+ 29. Kg3 c5 30. Nc6 Bxa2 31. Nxe7+ Kf8 32. Nc6 Bc4 33. Na5 Bf1 34. Rf3 Rg2+ 35. Kh4 Ba6 36. Ne4 Ra2 0-1

[Event "POL-chT 2nd League"]
[Site "Wysowa"]
[Date "2007.09.03"]
[Round "1"]
[White "Delega, Tomasz"]
[Black "Stepien, Marcin"]
[Result "0-1"]
[WhiteElo "2119"]
[BlackElo "2059"]
[PlyCount "118"]
[EventDate "2007.09.03"]
[EventType "team-swiss"]
[EventRounds "9"]
[EventCountry "POL"]
[SourceTitle "EXT 2010"]
[Source "ChessBase"]
[SourceDate "2010.11.25"]
[SourceVersion "1"]
[SourceVersionDate "2010.11.25"]
[SourceQuality "1"]
[WhiteTeam "Miedzyborow Wrzos"]
[BlackTeam "Wroclaw AZS Politechnika"]
[WhiteTeamCountry "POL"]
[BlackTeamCountry "POL"]

1. e4 c5 2. Nf3 Nc6 3. Nc3 g6 4. d4 cxd4 5. Nxd4 Bg7 6. Be3 d6 7. g3 Nf6 8. h3 0-0 9. Bg2 Ne5 10. Qe2 Bd7 11. 0-0 Rc8 12. Rad1 a6 13. a4 Qc7 14. Kh2 Nc4 15. Bc1 Nb6 16. a5 Nc4 17. Nb3 Be6 18. Nd5 Bxd5 19. exd5 Rfe8 20. Qe1 Nd7 21. c3 Nxa5 22. Nxa5 Qxa5 23. f4 b5 24. f5 Ne5 25. fxg6 hxg6 26. Bf4 Rf8 27. Be3 Qc7 28. Bd4 Nc4 29. Qf2 Bxd4 30. Rxd4 Ne5 31. Ra1 Ra8 32. Rh4 Kg7 33. Qf4 Rh8 34. Rxh8 Kxh8 35. Qh6+ Kg8 36. Rf1 Qd8 37. Be4 Qf8 38. Qg5 Kg7 39. Kg2 Rc8 40. Ra1 b4 41. cxb4 Rc4 42. Qe3 Rxb4 43. b3 Qb8 44. Bc2 Qb5 45. Rd1 Qb6 46. Qd2 Qc5 47. h4 Ng4 48. Re1 Rd4 49. Qe2 Qc3 50. Kh3 Ne5 51. Be4 f5 52. Bg2 Rd3 53. Qf2 f4 54. Qf1 Rxg3+ 55. Kh2 Ng4+ 56. Kh1 Qf6 57. Qe2 Qxh4+ 58. Kg1 Qh2+ 59. Kf1 Ne3+ 0-1

[Event "Polanica Zdroj op-B 43rd"]
[Site "Polanica Zdroj"]
[Date "2007.08.21"]
[Round "5"]
[White "Stepien, Marcin"]
[Black "Zielinski, Zbigniew"]
[Result "1/2-1/2"]
[WhiteElo "2059"]
[BlackElo "1953"]
[PlyCount "74"]
[EventDate "2007.08.17"]
[EventType "swiss"]
[EventRounds "10"]
[EventCountry "POL"]
[SourceTitle "CBM 120 Extra"]
[Source "ChessBase"]
[SourceDate "2007.11.01"]
[SourceVersion "1"]
[SourceVersionDate "2007.11.01"]
[SourceQuality "1"]

1. e4 c5 2. Nc3 g6 3. Nf3 Bg7 4. d4 cxd4 5. Nxd4 Nc6 6. Be3 d6 7. Qd2 Nxd4 8. Bxd4 Nf6 9. 0-0-0 0-0 10. Kb1 a6 11. f3 Be6 12. g4 Rc8 13. h4 b5 14. h5 b4 15. Nd5 Bxd5 16. exd5 Qa5 17. hxg6 fxg6 18. Bd3 Qxd5 19. Bxf6 Rxf6 20. Bxg6 Qxd2 21. Bxh7+ Kf7 22. Rxd2 Rh8 23. Rf2 Rf4 24. Rff1 Bf6 25. Kc1 d5 26. Rh3 a5 27. Rfh1 Kg7 28. Bf5 Rxh3 29. Rxh3 Kf7 30. Kd2 Bxb2 31. Bd3 Bg7 32. Ke3 e5 33. g5 a4 34. Rh1 Rd4 35. Rh3 Rf4 36. Rh5 Ke6 37. Rh7 Kf7 1/2-1/2